000 01241nam a2200301 4500
001 114022
003 DR-UNIBE
005 20250806161439.0
008 250806b2025 dr ||||| |||| 00| 1 spa d
020 _a9789945949018
040 _aBIBLIOTECA UNIBE
_bspa
_cBIBLIOTECA UNIBE
_erda
041 _aspa
090 _aFBIU-RO CI M375a
100 1 0 _aMarte Martich, Belkis María
_9198241
_eautor
245 1 0 _aAbuelo ¿qué es la navidad? /
_cBelquis M. Marte ; ilustración y diseño: Carlos H. Bruzon; edición - corrección: Rafael J. Rodríguez Pérez
250 _aPrimera edición
260 _aSanto Domingo :
_bRío de Oro Editores,
_c2025
300 _a[Sin páginas] :
_bilustraciones a color ;
_c25 x 20 cm
490 _aCarajitos colección
500 _aDatos del autor al inicio de la obra, comentario de la misma en la contraportada
653 7 _aCuentos infantiles dominicanos
653 7 _aNavidad - Cuentos infantiles dominicanos
653 7 _aAbuelos - Cuentos infantiles dominicanos
653 7 _aLiteratura infantil dominicana
700 1 0 _aBruzón, Carlos H.
_9162497
_eilustrador
_ediseñador
700 1 0 _aRodríguez Pérez, Rafael J.
_9198242
_epresentador
_ediseñador
_ecorrector de estilo
942 _2ddc
_cBK
999 _c114022
_d114022